000 00331nam a2200145Ia 4500
100 _aArnold / K/ Gosling/ J
942 _cBK
654 _aComputer
245 _aThe Java Programming Language
260 _bAddison Wesley Pub
_aReading
_c1996
082 _a5.133
_bARN/GOS
300 _a333
546 _aENGLISH
999 _c34356
_d34356